La fortaleza vacía autismo infantil y el nacimiento del yo

Salvato in:
Dettagli Bibliografici
Autore principale: Bettelheim, Bruno (Autore)
Natura: Libro
Lingua:spagnolo
Pubblicazione: Barcelona Paidós 2001
Serie:Paidós Saberes Cotidianos, 29
Soggetti:
Tags: Aggiungi Tag
Nessun Tag, puoi essere il primo ad aggiungerne!!

MARC

LEADER 00000nam a2200000 a 4500
001 UCI2806
003 CL-VaPUC
008 070928e20010000SP |||||||||||||||||spa|d
020 |a 8449310644 
082 0 4 |a 371.94  |b BET  |2 21 
100 0 |a Bettelheim, Bruno  |e author  |9 523973 
245 1 3 |a La fortaleza vacía autismo infantil y el nacimiento del yo 
300 |a 637 p 
942 |c BK 
945 |d 20070928 00:00:00  |a rbrito 
260 |a Barcelona  |b Paidós  |c 2001 
650 0 |a Trastorno del Espectro Autista (TEA)   |9 340918 
650 0 |a Niños autistas  |9 457557 
650 0 |a Educación especial  |9 307486 
650 0 |a Problemas sociales  |9 258537 
583 |a last modification  |c 20070928 00:00:00  |k Rodrigo Vera 
490 0 |a Paidós Saberes Cotidianos, 29 
999 |c 327229  |d 327227 
952 |0 0  |1 0  |4 0  |6 371_940000000000000_BET_2001  |7 0  |8 A  |9 409779  |a BIBEDU  |b BIBEDU  |d 2019-11-22  |i 4374401  |l 2  |o 371.94 BET 2001  |p 4374401  |r 2022-07-01  |s 2022-06-24  |w 2019-11-22  |y BK  |k PSI